000 00786cam a22002171 4500
001 sa 68018027
003 DLC
005 20260227112708.0
008 740328s1966 xx 000 0 ind
010 _asa 68018027
035 _a(OCoLC)844673
040 _aDLC
_cOAU
_dDLC
042 _apremarc
050 0 0 _aHN707
_b.D48
110 2 _aDewan Gereja-Gereja di Indonesia.
_bKomisi Bantuan Antar Geredja.
245 1 0 _aPelajanan bantuan antar geredja;
_bkumpulan hasil² persidangan konsultasi jang diselenggarakan
_coleh Komisi Bantuan Antar Geredja D. G. I. di Wisma Oikumene, Sukabumi dari tgl. 26-30 Mei 1965.
260 _aDjakarta,
_bBadan Penerbit Kristen
_c[1966]
300 _a74 p.
_c19 cm.
650 0 _aChurch charities.
650 0 _aChurch and social problems
_zIndonesia.
999 _c88124
_d88124